000 00599nam a2200241 a 4500
001 nice12345678
003 IN_TiNIC
005 20260116012341.0
008 050524s1974 seca grp 000 0 eng
020 _a
_c30
082 0 0 _a340.59
_bABD5
100 _aAbdul Khadeer, Mohammad
245 _aIjma and Legislation in Islam
260 _aSecunderabad
_bAuthor
_c1974
300 _a146p
500 _aincludes index and biblioraphy
505 2 _aArticles
650 _aIslamic-Law Jurisprudence
700 1 _aAbdul Khadeer, Mohammad
902 _bSRS
942 _cBK
999 _c6662
_d6662